Celebrities Who Killed Someone - Statistics

General Stats
  • This quiz has been taken 185 times
  • The average score is 6 of 15
Answer Stats
What happened Killer % Correct
Football star who was accused of stabbing his former wife Nicole Brown and Ron Goldman to death O.J.Simpson
81%
Political figure from a political family lost control of his car and fell off a bridge, fled the scene leaving his companion to die in the vehicle Ted Kennedy
61%
Sex Pistols bass player who stabbed his girlfriend Sid Vicious
54%
'Ferris Bueller' actor who drove onto the wrong side of the road, smashed into an incoming car killing 2 people in Ireland Matthew Broderick
50%
This former first lady ran past a stop sign and hit another car, killing the driver Laura Bush
45%
This aviation pioneer and billionaire was driving erratically and struck and killed a pedestrian in Los Angeles Howard Hughes
41%
This boxing promoter killed a man trying to break into his place of business AND stomped another man to death because of some money owed Don King
39%
''Blade Runner'' who shot and killed his girlfriend at his home saying that he mistook her for an intruder. Oscar Pistorius
36%
This The Who drummer accidentally (while drunk of course) run over his friend and body guard Keith Moon
34%
Wold famous music producer ('You've Lost That Lovin' Feelin') was convicted of killing actress Lana Clarkson by shooting her in the head Phil Spector
34%
This rapper, along with his bodyguard, were charged with murder for the shooting death of a rival gang member, in 1993. Snoop Dogg
30%
This ''The Philadelphia Story'' actor killed a lot of people as command pilot in the WW2 James Stewart
24%
This Mötley Crüe frontman killed Hanoi Rocks drummer while speeding and driving drunk Vince Neil
21%
'Baretta' actor who was accused of shooting his wife, Bonnie Lee Bakley, in the head Robert Blake
19%
This Beat Generation writer shot his wife Joan Vollmer in the head 'by accident' while they were drunk playing William Tell William S. Burroughs
11%
No matching quizzes found
Score Distribution
Percent of People with Each Score
Percentile by Number Answered
Your Score History
You have not taken this quiz